Datum a čas kvízu
37.5
Celkem bodů
Celkový počet nahraných bodů na tomto kvízu bez doplňovacích otázek.
2.
Pořadí na kvízu
Konečné umístění týmu na tomto kvízu.
Zaznamenané odpovědi
| # | Otázka | Odpověď | Body | Výsledky |
|---|---|---|---|---|
| 1. | Prázdné a nastartované BMW upo... | štěnic | 1 | |
| 2. | Ve Spojených státech se narodi... | v roce 1994 (uznáváme 1992–1996) | 1 | |
| 3. | Ve středu překvapila přihlíže... | Paranoid; Ozzy Osbourne | 1 | |
| 4. | Minulý týden ohlásila jedna če... | Benu | 1 | |
| 5. | Minulý týden se v Singapuru ko... | o plavání (plaveckých sportech) | 1 | |
| 6. | V tématu se zaměříme na nejrůz... | tamagoči / tamagotchi | 1 | |
| 7. | Stánků s langoši bylo v devade... | Starej fotr | 0 | |
| 8. | V našem tématu nemůžeme vynech... | 2000 (1999 až 2001 za bod) | 0 | |
| 9. | Nejdříve trendy doplněk, pozdě... | Kendall Jenner | 0 | |
| 10. | Gramofonovým deskám leckdo pře... | long play | 1 |